000 00525nam a2200205Ia 4500
005 20240823032803.0
008 240823s9999||||xx |||||||||||||| ||und||
020 _a978-81-7319-570-6
041 _aENGLISH
082 _A621.382205 Q2
100 _aNarasimhan S V
245 0 _aSignal Processing Principles and Implementation
250 _a1st
260 _c2012
_b"Narosa, New "
_aNew Delhi
500 _aYES
650 _aSignal Processing
_bInstrumentation
700 _a Veena S
942 _cBK
999 _c194253
_d194253